Malwa ki parmarkalin kala (Record no. 16722)

MARC details
000 -LEADER
fixed length control field 00437nam a2200145Ia 4500
082 ## - DEWEY DECIMAL CLASSIFICATION NUMBER
Classification number TA.0194
100 ## - MAIN ENTRY--AUTHOR NAME
Personal name Arya, Maya Rani
245 #0 - TITLE STATEMENT
Title Malwa ki parmarkalin kala
Sub Title :
260 ## - PUBLICATION, DISTRIBUTION, ETC. (IMPRINT)
Name of publisher/University Vikram Viswa Vidyalaya
Place of publication Ujjain
Year of publication 1976
300 ## - PHYSICAL DESCRIPTION
Number of Pages 233
650 ## - SUBJECT ADDED ENTRY--TOPICAL TERM
Topical Term Archealogy
Geographic subdivision India
-- Malwa (Madhya Pradesh and Rajasthan)
650 ## - SUBJECT ADDED ENTRY--TOPICAL TERM
Topical Term Sculpture
Geographic subdivision India
-- Malwa (Madhya Pradesh and Rajasthan)
710 ## - ADDED ENTRY--CORPORATE NAME
Corporate name or jurisdiction name as entry element Upadhyaya, Bhagawatsaran
942 ## - ADDED ENTRY ELEMENTS (KOHA)
Koha item type Thesis
Source of classification or shelving scheme Dewey Decimal Classification
Holdings
Withdrawn status Lost status Damaged status Not for loan Home library Current library Date acquired Full call number Accession Number Price effective from Koha item type
        NASSDOC Library NASSDOC Library 08/10/2004 TA.0194 10339 18/04/2019 Thesis